Quiz stade Ligue 1 - Statistiques

Statistiques générales
  • Ce quiz a été pris 107 fois
  • Le résultat moyen est 10 sur 18
Statistiques - réponses
Club Stade % Correct
PSG Parc des princes
96%
OM Stade Vélodrome
93%
AS Monaco Stade Louis 2
83%
OL Groupama Stadium
79%
LOSC Lille Decathlon Arena / Stade Pierre Mauroy
70%
OGC Nice Allianz Riviera
67%
Stade rennais Roazhon Park
66%
AS Saint-Etienne Stade Geoffroy Guichard
61%
FC Nantes Stade de la Beaujoire
57%
Stade Brestois Stade Francis Le Blé
50%
AC Le Havre Stade Océane
45%
SC Montpellier Stade de la Mosson
44%
SCO Angers Stade Raymond Kopa
44%
RC Lens Stade Bollaert Delelis
37%
AJ Auxerre Stade de l'Abbé Deschamps
35%
Stade de Reims Stade Auguste Delaune
30%
FC Toulouse Stade Municipal
17%
RC Strasbourg Stade de la Meinau
2%
Aucun quiz correspondant
Distribution des résultats
% des personnes avec chaque résultat
Percentile par nombre de réponses
Votre historique - résultats
Vous n’avez pas pris ce quiz